Top 20 des sports les plus difficiles selon ESPN - Statistiques

Statistiques générales
  • Ce quiz a été pris 189 fois
  • Le résultat moyen est 7 sur 20
Statistiques - réponses
#1 Réponse % Correct
10 Football
97%
4 Basket
79%
7 Tennis
69%
13 Rugby
68%
1 Boxe
56%
6 Arts martiaux
51%
8 Gymnastique
44%
9 Baseball
33%
3 Football américain
31%
20 Cyclisme
27%
11 Ski
23%
2 Hockey sur glace
19%
5 Lutte
17%
12 Water-polo
10%
17 Hockey sur gazon
8%
19 Patinage artistique
7%
14 Lacrosse
4%
18 Patinage de vitesse
3%
16 Perche
3%
15 Rodéo
1%
Aucun quiz correspondant
Distribution des résultats
% des personnes avec chaque résultat
Percentile par nombre de réponses
Votre historique - résultats
Vous n’avez pas pris ce quiz